Formula 1 Drivers 2026 - Statistics

General Stats
  • This quiz has been taken 348 times
  • The average score is 22 of 37
Answer Stats
Hint Answer % Correct
Ferrari #44 Lewis Hamilton
98%
Mclaren #1 Lando Norris
97%
Red Bull #3 Max Verstappen
97%
Ferrari #16 Charles Leclerc
95%
Mclaren #81 Oscar Piastri
95%
Mercedes #63 George Russell
92%
Aston Martin #14 Fernando Alonso
91%
Mercedes #12 Kimi Antonelli
90%
Aston Martin #18 Lance Stroll
85%
Cadillac #77 Valtteri Bottas
85%
Williams #55 Carlos Sainz
83%
Cadillac #11 Sergio Perez
83%
Red Bull #6 Isack Hadjar
82%
Audi #27 Nico Hulkenburg
82%
Alpine #10 Pierre Gasly
81%
Haas #31 Esteban Ocon
78%
Williams #23 Alex Albon
77%
Haas #87 Oliver Bearman
77%
Racing Bulls #30 Liam Lawson
75%
Alpine #43 Franco Colapinto
68%
Audi #5 Gabriel Bortoleto
68%
Racing Bulls #41 Arvid Lindblad
64%
Red Bull R Yuki Tsunoda
63%
Racing Bulls R Yuki Tsunoda
63%
Cadillac R Zhou Guanyu
34%
Haas R Jack Doohan
33%
Mercedes R Fred Vesti
23%
Ferrari R Antonio Giovinazzi
22%
Mclaren R Pato O'Ward
22%
Alpine R Paul Aron
18%
Williams R Luke Browning
16%
Mclaren R Leonardo Fornaroli
15%
Racing Bulls R Ayumu Iwasa
14%
Aston Martin R Jak Crawford
14%
Haas R Ryo Hirakawa
13%
Aston Martin Stoffel Vandoorne
13%
Alpine R Kush Maini
9%
No matching quizzes found
Score Distribution
Percent of People with Each Score
Percentile by Number Answered
Your Score History
You have not taken this quiz